000 00362nam a2200121Ia 4500
008 190722s9999 xx 000 0 und d
020 _a978-969-407-153-4
100 _aShahid Hasan Siddiqui
245 0 _aIslamic Banking (Genesis & Ratiionale Evaluation Review Prospects & Challenges)
260 _aKarachi
_bRoyal Book Company
_c2012
300 _a124
942 _cBK
999 _c394
_d394